000
00211 a2200097 4500
001
47952
100
_a
Al-Nadvi
245
_a
Qassis-ul-Ambiya
260
_a
Karachi
_b
Majlisi Nashriyat
_c
090
_c
30947
_d
30947
942
_a
NUST-CAE
_c
M
_c
23277
999
_c
283025
_d
283025